| 000 | 01255cam a22003617i 4500 | ||
|---|---|---|---|
| 001 | 22961945 | ||
| 003 | OSt | ||
| 005 | 20231007115407.0 | ||
| 008 | 230207s2022 ii 000 1 eng | ||
| 010 | _a 2023335849 | ||
| 020 |
_a9789356294585 _q(P-ISBN) |
||
| 020 |
_z9789356294592 _q(E-ISBN) |
||
| 025 | _aI-E-2023335849 | ||
| 037 | _bLibrary of Congress -- New Delhi Overseas Office | ||
| 040 |
_aDLC _beng _erda _cDLC _dDLC |
||
| 042 | _alcode | ||
| 050 | 0 | 0 | _aMLCM 2023/50045 (P) |
| 082 |
_a813.54 _bDIV/I |
||
| 100 | 1 |
_aDivakaruni, Chitra Banerjee, _d1956- _eauthor. _96297 |
|
| 245 | 1 | 0 |
_aIndependence / _cChitra Banerjee Divakaruni. |
| 264 | 1 |
_aGurugram, Haryana : _bHarperCollins Publishers India, _c2022. |
|
| 300 |
_a285 pages ; _c23 cm |
||
| 336 |
_atext _btxt _2rdacontent |
||
| 337 |
_aunmediated _bn _2rdamedia |
||
| 338 |
_avolume _bnc _2rdacarrier |
||
| 500 | _aNovel. | ||
| 520 | _aOn decolonization and partition of the India. | ||
| 530 | _aAlso available as an e-book. | ||
| 651 | 0 |
_aIndia _xHistory _yPartition, 1947 _vFiction. |
|
| 906 |
_a7 _bcbc _corigode _d4 _encip _f20 _gy-gencatlg |
||
| 942 |
_2ddc _cBK _h813.54 _iDIV/I _k813.54 _mDIV/I |
||
| 999 |
_c42572 _d42572 |
||